| Record ID | ia:ricebeans00tayl |
| Source | Internet Archive |
| Download MARC XML | https://archive.org/download/ricebeans00tayl/ricebeans00tayl_marc.xml |
| Download MARC binary | https://www.archive.org/download/ricebeans00tayl/ricebeans00tayl_meta.mrc |
LEADER: 00513pam 2200193 a 4500
001 89033964
003 DLC
005 19900418082224.1
008 890424s1989 flu 00011 eng
010 $a 89033964
020 $a094148341X :$c$8.95
040 $aDLC$cDLC$dDLC
050 00 $aPS3570.A957$bR5 1989
082 00 $a813/.54$220
100 10 $aTaylor, Valerie,$d1913-
245 10 $aRice and beans /$cValerie Taylor.
250 $a1st ed.
260 0 $aTallahassee, Fla. :$bNaiad Press,$c1989.
300 $a221 p. ;$c22 cm.